| 000 | 00986cam a2200301 a 4500 | ||
|---|---|---|---|
| 001 | 3300814 | ||
| 003 | SISC | ||
| 005 | 20160317131044.0 | ||
| 008 | 830510s1982 nyua b 001 0 eng | ||
| 010 | _a 83126716 | ||
| 020 | _a0394328299 (pbk.) | ||
| 040 |
_aDLC _cDLC _dDLC |
||
| 050 | 0 | 0 |
_aPE 1408 _b.C874 1982 |
| 082 | 0 | 0 |
_aHS 808 _b C83 1982 |
| 100 | 1 |
_aCowan, Gregory. _915209 |
|
| 245 | 1 | 0 |
_aPlain English rhetoric and reader / _cGregory Cowan, Elisabeth McPherson, with Elizabeth Wooten Cowan. |
| 250 | _a3rd ed., teacher's ed. | ||
| 260 |
_aNew York : _bRandom House, _cc1982. |
||
| 300 |
_axvi, 464, 124 p. : _bill. ; _c24 cm. |
||
| 504 | _aIncludes bibliographical references and index. | ||
| 650 | 0 |
_aEnglish language _xRhetoric. _915210 |
|
| 650 | 0 |
_aCollege readers. _91718 |
|
| 700 | 1 |
_aMcPherson, Elisabeth. _915211 |
|
| 700 | 1 |
_aNeeld, Elizabeth Cowan, _d1940- _915212 |
|
| 906 |
_a7 _bcbc _corignew _d2 _encip _f19 _gy-gencatlg |
||
| 942 |
_2lcc _cBK |
||
| 999 |
_c9838 _d9838 |
||